000 01682nam a2200205 a 4500
001 000002508
005 20200929150213.0
008 090702s1991 sp a 001 0 spa d
020 _a8486168554
040 _aDO-SdBNP
_bspa
_cBNPHU
245 0 4 _aLas industrias de la lengua /
_cdirección de José Vidal Beneyto ; traductores coordinado por Manuel Alvar Ezquerra ... [et al.].
260 _aMadrid :
_bFundación Germán Sánchez Ruipérez,
_c1991.
300 _a494 p. :
_bil. ;
_c22 cm.
490 1 _aBiblioteca del libro
505 2 _aIntroducción: La industrialización de las lenguas / José Vidal Beneyto -- El tratamiento automático del lenguaje escrito / Gérard Sabah -- Análisis del texto : situación actual / Henry Thompson -- Estado del arte en comunicación hablada / Jean-Sylvain Liénard -- Un nuevo tratamiento del francés escrito / Maurice Gross -- Los métodos informáticos adaptados al tratamiento de las lenguas naturales / Maurice Nivat y Dominique Perrin -- Creación de Corpus / John M. Sinclair -- Los bancos de sonidos / René Carré -- Corpora de referencia / Antonio Zampolli -- Los bancos de datos léxicos : bases multifuncionales de datos léxicos / Antonio Zampolli -- La elaboración de los diccionarios electrónicos del francés / Maurice Gross -- Hacia bases multifuncionales de datos léxicos / Antonio Zampolli -- La generación automática de textos en lengua natural / Laurence Danlos -- Desarrollos actuales en lexicografía automatizada del español / Manuel Alvar Ezquerra.
700 1 _aBidal Beneyto, José,
_edir.
_97894
700 1 _aAlvar Ezquerra, Manuel,
_etr.
_97895
830 0 _aBiblioteca del libro
_97397
049 _aBNPHD
999 _c2344
_d2344